[Event "ODJM A 2016"]
[Site "Willingen GER"]
[Date "2016.05.15"]
[Round "2"]
[White "Gallasch, Robin"]
[Black "Sinnhöfer, Jonas"]
[Result "1/2-1/2"]
[Termination "normal"]
[Board "51"]
[WhiteElo "1604"]
[BlackElo "1785"]
[PlyCount "167"]
[WhiteFideId "16222423"]
[BlackFideId "12982938"]
[EventCountry "GER"]
[EventRounds "9"]
[EventType "swiss"]
[EventDate "2016.05.14"]

1. d4 Nf6 2. Nf3 g6 3. c4 d5 4. cxd5 Bg7 5. Nc3 Nxd5 6. e4 Nxc3 7. bxc3 O-O 8.
Be2 c5 9. O-O Nc6 10. Be3 Bg4 11. d5 Bxf3 12. gxf3 Nb8 13. Bxc5 Bxc3 14. Rc1
Be5 15. Qd2 Nd7 16. Be3 Bg7 17. f4 Nb6 18. Bxb6 Qxb6 19. e5 Rfd8 20. Rb1 Qc5
21. Rb5 Qc7 22. Rc1 Qd7 23. Rcb1 b6 24. d6 exd6 25. Rd5 Qf5 26. Rd1 Bh6 27. Rd4
d5 28. Bf3 Rac8 29. Bxd5 Re8 30. Qd3 Qg4+ 31. Qg3 Qf5 32. Bb3 Re7 33. Ba4 Rf8
34. Bd7 Rxd7 35. Rxd7 Bxf4 36. Qg2 Bxe5 37. Rxa7 Rc8 38. Rad7 Rc2 39. R7d2 Rxd2
40. Rxd2 Qb1+ 41. Qf1 Bxh2+ 42. Kg2 Qe4+ 43. f3 Qh4 44. Qf2 Qxf2+ 45. Kxf2 Kg7
46. Rc2 Bd6 47. Kg2 Kf8 48. a4 Bb4 49. Rc4 Ba5 50. Kg3 Bd2 51. f4 h6 52. Rd4
Be3 53. Rd3 Bc5 54. f5 Ke7 55. Rd5 Bd6+ 56. Kg4 Kd7 57. fxg6 fxg6 58. Rb5 Ke6
59. Kh4 Be7+ 60. Kg4 Bf6 61. Kh3 h5 62. Kg3 Bd8 63. Kh3 Kd6 64. Rb1 Ke5 65.
Re1+ Kf5 66. Rf1+ Ke4 67. Re1+ Kf4 68. Rf1+ Kg5 69. Rd1 Be7 70. Rd5+ Kf4 71.
Rd7 Bc5 72. Rc7 Be3 73. Rc8 Bc5 74. Rc7 Be3 75. Rc8 Kf3 76. Rf8+ Ke2 77. Ra8 g5
78. a5 g4+ 79. Kh4 bxa5 80. Rxa5 Kf3 81. Ra8 g3 82. Rg8 Bf2 83. Rxg3+ Kf4 84.
Kxh5 1/2-1/2

[Event "ODJM A 2016"]
[Site "Willingen GER"]
[Date "2016.05.15"]
[Round "2"]
[White "Greßmann, Hanna"]
[Black "Paskalev, Vasil"]
[Result "1-0"]
[Termination "normal"]
[Board "52"]
[WhiteElo "1781"]
[BlackElo "1591"]
[PlyCount "75"]
[WhiteFideId "12930709"]
[BlackFideId "16212355"]
[EventCountry "GER"]
[EventRounds "9"]
[EventType "swiss"]
[EventDate "2016.05.14"]

1. e4 e5 2. Nf3 Nc6 3. Bc4 Nf6 4. d3 Bc5 5. c3 d6 6. O-O a6 7. Bb3 O-O 8. Nbd2
Ba7 9. h3 Kh8 10. Re1 Ng8 11. Nf1 f5 12. Be3 f4 13. Bxa7 Rxa7 14. d4 Qe7 15.
N1d2 g5 16. dxe5 dxe5 17. Nh2 Rd8 18. Bxg8 Kxg8 19. Qe2 h5 20. Rad1 Qf7 21.
Ndf3 Rxd1 22. Rxd1 g4 23. hxg4 hxg4 24. Nxe5 Nxe5 25. Rd8+ Kg7 26. Rxc8 Qd7 27.
Nxg4 Nxg4 28. Rb8 c6 29. Qf3 Nf6 30. Qxf4 Qd1+ 31. Kh2 Qh5+ 32. Kg1 Qd1+ 33.
Kh2 Nxe4 34. Qc7+ Kg6 35. Rg8+ Kf5 36. Qh7+ Kf4 37. Qf7+ Ke5 38. Re8+ 1-0

[Event "ODJM A 2016"]
[Site "Willingen GER"]
[Date "2016.05.15"]
[Round "2"]
[White "Riegel, Arinna"]
[Black "Udaykumar, Arunn Mark"]
[Result "1/2-1/2"]
[Termination "normal"]
[Board "53"]
[WhiteElo "1695"]
[BlackElo "1724"]
[PlyCount "40"]
[WhiteFideId "12931446"]
[BlackFideId "12965456"]
[EventCountry "GER"]
[EventRounds "9"]
[EventType "swiss"]
[EventDate "2016.05.14"]

1. f4 f5 2. g3 Nc6 3. Bg2 Nf6 4. Nf3 e6 5. b3 b6 6. Ne5 Bb7 7. Bb2 Qe7 8. Ba3
Qd8 9. Bxf8 Rxf8 10. Nc3 Qe7 11. Nb5 Qd8 12. e3 a6 13. Nxc6 Bxc6 14. Bxc6 dxc6
15. Nd4 Qd5 16. Qf3 Qxf3 17. Nxf3 h6 18. d4 O-O-O 19. Rd1 Nd5 20. Kf2 Nc3
1/2-1/2

[Event "ODJM A 2016"]
[Site "Willingen GER"]
[Date "2016.05.15"]
[Round "2"]
[White "Askri, Samir"]
[Black "Rupp, Andreas"]
[Result "1-0"]
[Termination "normal"]
[Board "54"]
[WhiteElo "1867"]
[BlackElo "1562"]
[PlyCount "57"]
[WhiteFideId "12924938"]
[BlackFideId "16225503"]
[EventCountry "GER"]
[EventRounds "9"]
[EventType "swiss"]
[EventDate "2016.05.14"]

1. Nf3 d5 2. g3 Nf6 3. Bg2 Nc6 4. O-O e5 5. d3 Be7 6. Nbd2 O-O 7. e4 dxe4 8.
dxe4 Bg4 9. c3 Qd7 10. Qc2 Bh3 11. Nc4 Bxg2 12. Kxg2 Qe6 13. Ne3 Rfe8 14. Ng5
Qc8 15. Nf5 Nd7 16. h4 Bxg5 17. hxg5 g6 18. Nh6+ Kg7 19. Rh1 Nf8 20. Qe2 Qe6
21. Ng4 Nd7 22. Qf3 Rf8 23. Nf6 Rh8 24. Be3 Nf8 25. Ng4 Nd7 26. Nf6 Nf8 27. Rh2
Nb8 28. Nd5 Na6 29. Qf6+ 1-0

[Event "ODJM A 2016"]
[Site "Willingen GER"]
[Date "2016.05.15"]
[Round "2"]
[White "Zeuner, Ole"]
[Black "Frohnhäuser, Simon"]
[Result "1-0"]
[Termination "normal"]
[Board "55"]
[WhiteElo "1567"]
[BlackElo "1559"]
[PlyCount "83"]
[WhiteFideId "12943576"]
[BlackFideId "16208528"]
[EventCountry "GER"]
[EventRounds "9"]
[EventType "swiss"]
[EventDate "2016.05.14"]

1. e4 c5 2. Nf3 d6 3. d4 cxd4 4. Nxd4 Nf6 5. Nc3 a6 6. Qf3 Bg4 7. Qg3 e5 8. Nf5
Bxf5 9. exf5 Nc6 10. Bd3 d5 11. O-O Qd7 12. Re1 g6 13. fxg6 hxg6 14. Bg5 Bg7
15. Rxe5+ Nxe5 16. Qxe5+ Qe6 17. Qxe6+ fxe6 18. Bxg6+ Kd7 19. Re1 Raf8 20. Na4
Kd6 21. Bf4+ Ke7 22. Nc5 Ne4 23. Bxe4 Rxf4 24. Bxd5 e5 25. Ne6 Rg4 26. Nxg7
Rxg7 27. Bxb7 Kf6 28. Bxa6 Rd7 29. Bd3 Rh4 30. g3 Rb4 31. b3 Re7 32. Re4 Rb6
33. a4 Rf7 34. f4 Rg7 35. Rxe5 Rb4 36. Re4 Rb8 37. a5 Rh8 38. Ra4 Re7 39. a6
Re1+ 40. Kg2 Rd1 41. a7 Rd2+ 42. Kf3 1-0

[Event "ODJM A 2016"]
[Site "Willingen GER"]
[Date "2016.05.15"]
[Round "2"]
[White "Wissing, Philipp"]
[Black "Richter, Robert"]
[Result "1-0"]
[Termination "normal"]
[Board "56"]
[WhiteElo "1583"]
[BlackElo "1550"]
[PlyCount "75"]
[WhiteFideId "12993654"]
[BlackFideId "12978744"]
[EventCountry "GER"]
[EventRounds "9"]
[EventType "swiss"]
[EventDate "2016.05.14"]

1. e4 c5 2. Nf3 g6 3. d4 cxd4 4. Nxd4 Bg7 5. Be3 Nc6 6. c4 d6 7. Nc3 Nf6 8. f3
O-O 9. Be2 Bd7 10. Qd2 Rc8 11. O-O Ne5 12. b3 a6 13. Rac1 Bc6 14. Rfd1 Rb8 15.
h3 Bd7 16. Nd5 Re8 17. Kh1 Rf8 18. Bh6 Re8 19. Bxg7 Kxg7 20. Nxf6 exf6 21. Nc2
Re6 22. Nb4 Rc8 23. Qe3 Qa5 24. Nd5 Qa3 25. Rc2 Rd8 26. Qc1 Qc5 27. Bf1 Ree8
28. f4 Nc6 29. Qb2 Re6 30. b4 Qa7 31. b5 axb5 32. cxb5 Na5 33. b6 Qb8 34. Qb4
Nc6 35. Qe1 Rde8 36. Rc4 R6e7 37. Nxe7 Rxe7 38. Qd2 1-0

[Event "ODJM A 2016"]
[Site "Willingen GER"]
[Date "2016.05.15"]
[Round "2"]
[White "Schneider, Edward"]
[Black "Reucker, Friedrich"]
[Result "0-1"]
[Termination "normal"]
[Board "57"]
[WhiteElo "1651"]
[BlackElo "1776"]
[PlyCount "108"]
[WhiteFideId "16200870"]
[BlackFideId "12993670"]
[EventCountry "GER"]
[EventRounds "9"]
[EventType "swiss"]
[EventDate "2016.05.14"]

1. e4 e6 2. d4 d5 3. exd5 exd5 4. Nf3 Nf6 5. c4 Be7 6. Nc3 c6 7. Be2 dxc4 8.
Bxc4 O-O 9. O-O Nbd7 10. Re1 Nb6 11. Bb3 Nbd5 12. Bg5 Be6 13. Bc2 Re8 14. a3 h6
15. Bh4 Nf4 16. Bg3 N6h5 17. Ne2 Nxe2+ 18. Qxe2 Nxg3 19. hxg3 Bf6 20. Qd3 g6
21. Qd2 Kg7 22. Rad1 Qb6 23. Be4 Rad8 24. Qc3 Bg4 25. b4 Bxf3 26. Qxf3 Rxd4 27.
Rxd4 Qxd4 28. Qe3 Qxe3 29. Rxe3 Bd4 30. Re2 Re5 31. Bd3 Kf6 32. Rxe5 Kxe5 33.
Bc4 f6 34. Kf1 b5 35. Bb3 Bb2 36. a4 a6 37. axb5 axb5 38. Ke2 Bc3 39. Ke3 Bxb4
40. Bc2 g5 41. f4+ Kd6 42. fxg5 hxg5 43. g4 Bc3 44. Kd3 Be5 45. Bd1 c5 46. Kc2
c4 47. Be2 Kc5 48. Bf3 b4 49. Bd1 b3+ 50. Kb1 Kb4 51. Kc1 c3 52. Be2 Bf4+ 53.
Kb1 c2+ 54. Kb2 c1=Q# 0-1

[Event "ODJM A 2016"]
[Site "Willingen GER"]
[Date "2016.05.15"]
[Round "2"]
[White "Wensing, Maximilian"]
[Black "Grunert, Friedrich"]
[Result "1/2-1/2"]
[Termination "normal"]
[Board "58"]
[WhiteElo "1814"]
[BlackElo "1694"]
[PlyCount "114"]
[WhiteFideId "16222415"]
[BlackFideId "12995592"]
[EventCountry "GER"]
[EventRounds "9"]
[EventType "swiss"]
[EventDate "2016.05.14"]

1. e4 e6 2. d4 d5 3. Nc3 Bb4 4. e5 Ne7 5. Qg4 c5 6. a3 Qa5 7. Bd2 cxd4 8. Qxd4
Nbc6 9. Qg4 Ng6 10. Bb5 Bd7 11. Bxc6 Bxc6 12. Qxb4 Qxb4 13. axb4 d4 14. Nf3
dxc3 15. Bxc3 a6 16. O-O Bxf3 17. gxf3 Nh4 18. f4 Nf5 19. b5 O-O 20. bxa6 bxa6
21. Ra4 Rfc8 22. Rfa1 Rc6 23. Bd2 Rxc2 24. Rxa6 Rd8 25. Bc3 h6 26. Ra8 Rxa8 27.
Rxa8+ Kh7 28. Ra1 Ne7 29. Ra7 Nd5 30. Rxf7 Nxc3 31. bxc3 Rxc3 32. f5 exf5 33.
Rxf5 Kg6 34. Rf8 Rc1+ 35. Kg2 Re1 36. f4 h5 37. f5+ Kg5 38. f6 gxf6 39. exf6
Kg6 40. f7 Re7 41. Rg8+ Kxf7 42. Rg5 Re2+ 43. Kg1 h4 44. Rg4 h3 45. Rg3 Rg2+
46. Kh1 Rxg3 47. hxg3 Kg6 48. Kh2 Kg5 49. Kxh3 Kh5 50. g4+ Kg5 51. Kg3 Kg6 52.
Kf4 Kf6 53. g5+ Kg6 54. Kg4 Kg7 55. Kf5 Kf7 56. g6+ Kg7 57. Kg5 Kg8 1/2-1/2

[Event "ODJM A 2016"]
[Site "Willingen GER"]
[Date "2016.05.15"]
[Round "2"]
[White "Hoppe, Nico"]
[Black "Dietz, Florian"]
[Result "0-1"]
[Termination "normal"]
[Board "59"]
[WhiteElo "1459"]
[BlackElo "1803"]
[PlyCount "44"]
[WhiteFideId "16225520"]
[BlackFideId "12939897"]
[EventCountry "GER"]
[EventRounds "9"]
[EventType "swiss"]
[EventDate "2016.05.14"]

1. e4 c5 2. Nf3 d6 3. d4 cxd4 4. Nxd4 Nf6 5. Nc3 g6 6. f3 Bg7 7. Be3 O-O 8. Qd2
Nc6 9. O-O-O Nxd4 10. Bxd4 Be6 11. h4 Qa5 12. b3 Rfc8 13. Na4 Qxd2+ 14. Rxd2
Bh6 15. g3 Bxd2+ 16. Kxd2 Rc7 17. Bg2 Bd7 18. Nc3 Rac8 19. f4 Nh5 20. Rc1 Be6
21. Ne2 Bg4 22. Bxa7 Bxe2 0-1

[Event "ODJM A 2016"]
[Site "Willingen GER"]
[Date "2016.05.15"]
[Round "2"]
[White "Adelmeyer, Matti"]
[Black "Diegel, Jonas"]
[Result "1-0"]
[Termination "normal"]
[Board "60"]
[WhiteElo "1677"]
[BlackElo "1678"]
[PlyCount "49"]
[WhiteFideId "12962520"]
[BlackFideId "16206061"]
[EventCountry "GER"]
[EventRounds "9"]
[EventType "swiss"]
[EventDate "2016.05.14"]

1. e4 e6 2. d4 d5 3. e5 c5 4. Nf3 Nc6 5. Bf4 Qb6 6. b3 cxd4 7. Bd3 Bb4+ 8. Nbd2
Nge7 9. a3 Bc3 10. Rb1 a5 11. O-O Qc7 12. Re1 b6 13. Qe2 Ng6 14. Bg3 Qe7 15.
Bb5 Bd7 16. Bxc6 Bxc6 17. b4 axb4 18. axb4 Ra2 19. Qd3 Ba4 20. Nxd4 Bxd4 21.
Qxd4 Rxc2 22. b5 Qc5 23. Qxa4 Rxd2 24. Rec1 Qe7 25. Qa8+ 1-0